<?xml version="1.0" encoding="UTF-8"?>
<marc:record xmlns:marc="http://www.loc.gov/MARC21/slim">
   <marc:leader>00000nam a2200000 a 4500</marc:leader>
   <marc:datafield ind1="1" ind2=" " tag="100">
      <marc:subfield code="a">Gastmann, Dennis</marc:subfield>
      <marc:subfield code="4">aut</marc:subfield>
      <marc:subfield code="e">Verfasser/-in</marc:subfield>
   </marc:datafield>
   <marc:datafield ind1=" " ind2=" " tag="653">
      <marc:subfield code="a">Japan / Reisebericht</marc:subfield>
   </marc:datafield>
   <marc:datafield ind1="0" ind2="0" tag="245">
      <marc:subfield code="a">Der vorletzte Samurai</marc:subfield>
   </marc:datafield>
   <marc:datafield ind1="0" ind2="0" tag="245">
      <marc:subfield code="b">ein japanisches Abenteuer</marc:subfield>
   </marc:datafield>
   <marc:datafield ind1="0" ind2="0" tag="245">
      <marc:subfield code="c">Gastmann, Dennis</marc:subfield>
   </marc:datafield>
   <marc:datafield ind1=" " ind2="1" tag="264">
      <marc:subfield code="a">Berlin</marc:subfield>
      <marc:subfield code="b">Rowohlt Verlag GmbH</marc:subfield>
      <marc:subfield code="c">2018</marc:subfield>
   </marc:datafield>
   <marc:datafield ind1=" " ind2=" " tag="250">
      <marc:subfield code="a">3. Auflage</marc:subfield>
   </marc:datafield>
   <marc:datafield ind1="1" ind2=" " tag="520">
      <marc:subfield code="a">Rätsel, Regeln und Rituale - Dennis Gastmann macht sich auf, Japan zu erkunden, ein Land, das noch immer unvergleichlich fremd und geheimnisvoll wirkt. Dabei ist er nicht allein: Natsumi, seine Frau, die aus einer Samurai-Familie stammt, begleitet ihn. Die beiden bereisen den gesamten Inselstaat, von den grünen Gipfeln auf Hokkaido bis zu den Vulkanen auf Ky¿sh¿, sie pilgern in die Tempelstadt Nikk¿ und verlieren sich im Lichterrausch der Metropolen. Japan, wie es sich der Westen vorstellt, erlebt Gastmann im Neongewitter eines Tokyoter Roboterrestaurants. In einer Bar in Kagoshima wird er selbst als Fremder bestaunt: Wir sitzen hier seit dreißig Jahren, erzählen ihm die Trinkenden, und noch nie hat sich ein Gaijin hereingetraut. Schließlich, in den sieben Höllen von Beppu, das für seine heißen Quellen bekannt ist, sucht er nach Ruhe und begegnet einem ergrauten Herrn im Yukata, der plötzlich rauchend vor ihm sitzt. Ist er der Geist eines Samurai? &#xD;
Dennis Gastmanns Reiseerzählung ist das faszinierende Porträt eines Landes zwischen Anarchie und Ordnung, Besessenheit und Zen - und ein sehr persönliches Abenteuer: Kann ein Gaijin, ein Fremder, eine Kultur verstehen, die ein Fremder gar nicht verstehen kann?</marc:subfield>
   </marc:datafield>
   <marc:datafield ind1=" " ind2=" " tag="020">
      <marc:subfield code="a">9783737100113</marc:subfield>
      <marc:subfield code="9">9783737100113</marc:subfield>
   </marc:datafield>
   <marc:datafield ind1=" " ind2=" " tag="020">
      <marc:subfield code="a">373710011x</marc:subfield>
      <marc:subfield code="9">373710011x</marc:subfield>
   </marc:datafield>
   <marc:datafield ind1=" " ind2=" " tag="041">
      <marc:subfield code="a">ger</marc:subfield>
   </marc:datafield>
   <marc:datafield ind1=" " ind2=" " tag="300">
      <marc:subfield code="b">Karte</marc:subfield>
   </marc:datafield>
   <marc:datafield ind1=" " ind2=" " tag="338">
      <marc:subfield code="a">Band</marc:subfield>
   </marc:datafield>
   <marc:datafield ind1=" " ind2=" " tag="300">
      <marc:subfield code="a">288 Seiten</marc:subfield>
   </marc:datafield>
</marc:record>
